• 首页
  • 本馆介绍
  • 公告通知
  • 最新文献
  • 馆藏检索
  • 电子资源
  • 读者导购
  • 参考咨询
  • 我的图书馆
  • 登录
  • 详细信息显示
  • 放入我的书架
  • 预约/预借图书
  • 作者相关作品
  • 分类相关作品
  • 丛书相关作品
  • 出版社相关作品

书目信息

  • 表格格式
  • 工作单格式
  • 卡片格式
题名:
新概念物理教程
    
 
作者: 赵凯华 , 罗蔚茵 编写
分册:   热学
出版信息: 北京   高等教育出版社  2005.11
页数: 11,316页
开本: 23cm
丛书名:
单 册:
中图分类: O4 , O551
科图分类:
主题词: 物理学--高等学校--教材 , 热学--高等学校--教材 , 物理学 , 热学
电子资源:
ISBN: 7-04-017680-7
000 01054nam0 2200325 450
001 0400001759
005 20171025165213.68
010    @a7-04-017680-7@dCNY32.80
100    @a20050416e20172005em y0chiy50 ea
101 0  @achi
102    @aCN@b110000
105    @aa z 001yy
106    @ar
200 1  @a新概念物理教程@9xin gai nian wu li jiao cheng@i热学@f赵凯华,罗蔚茵[编写]
205    @a第2版
210    @a北京@c高等教育出版社@d2005.11@h2017.6
215    @a11,316页@c图,照片@d23cm
300    @a面向21世纪课程教材
312    @a封面英文共同题名:New concept physics
330    @a本书包括热学基本概念和物质聚集态、热平衡态的统计分布律、热力学第一定律、热力学第二定律、非平衡过程等五章和两个数学附录。
606 0  @a物理学@x高等学校@j教材
606 0  @a热学@x高等学校@j教材
606 0  @a物理学
606 0  @a热学
690    @aO4@v4
690    @aO551@v4
701  0 @a赵凯华@9zhao kai hua@f(1930~)@4编写
701  0 @a罗蔚茵@9luo wei yin@c(女,@f1938.12~)@4编写
801  0 @aCN@b91MARC@c20171019
905    @b1030561-5@dO4@f5@e791=2
    
    新概念物理教程.热学/赵凯华,罗蔚茵[编写].-第2版.-北京:高等教育出版社,2005.11(2017.6)
    11,316页:图,照片;23cm
    面向21世纪课程教材
    
    ISBN 7-04-017680-7:CNY32.80
    本书包括热学基本概念和物质聚集态、热平衡态的统计分布律、热力学第一定律、热力学第二定律、非平衡过程等五章和两个数学附录。
●
相关链接 在E读中查询图书 在五车中查询图书 在当当中查询图书 在豆瓣中查询图书


正题名:新概念物理教程     索取号:O4/791=2         预约/预借

序号 登录号 条形码 馆藏地/架位号 状态 备注
1 1030561   210305613   第二样本阅览室/ [索取号:O4/791=2] 在馆    
2 1030562   210305622   密集书库-物理学院/ [索取号:O4/791=2] 在馆    
3 1030563   210305631   第三借阅区/ [索取号:O4/791=2] 在馆    
4 1030564   210305640   第三借阅区/ [索取号:O4/791=2] 在馆    
5 1030565   210305659   第三借阅区/ [索取号:O4/791=2] 已借出,限还日期为2024.03.16
借出人:王莉  
 
唐山师范学院图书馆 欢迎您!
大连网信软件有限公司© 版权所有